| 000 | 00395nam a22001457a 4500 | ||
|---|---|---|---|
| 008 | 240913b |||||||| |||| 00| 0 eng d | ||
| 020 | _a9788194829508 | ||
| 082 | _a335.43 | ||
| 100 | _aGramsci Antonio | ||
| 245 | _aSelection from the Prison Notebooks | ||
| 260 |
_aIndia : _bOrient Blackswan Private Limited, _c2021. |
||
| 300 |
_axcvi p. 483; _c21.9 Cm. |
||
| 942 | _2ddc | ||
| 999 |
_c10023 _d10024 |
||